00647njm a22001817a 450000500170000000800410001704100080005810000130006624500200007926000150009926000130011426000090012730000130013630000180014950502430016765000280041065000270043820220720141654.0170215b xxu||||| |||| 00| 0 spa d aspa aÉditus aSiempre, Vol. 2 aCosta Rica bÉditus c2003 a1 CD-ROM a50.47 minutos a1. Cinema Paradiso. 2. Esta tarde vi llover. 3. La flor de la canela. 4. Nostalgias. 5. He guardado. 6. Sailing. 7. Ave María. 8. La leyenda del beso. 9. Me quedo callado. 10. Mañana de carnaval. 11. Mediterráneo. 12. Eleonor Rigby. aMÚSICA COSTARRICENSE  aMÚSICA INSTRUMENTAL